00300 a2200085 4500100002800000245007000028300003800098650002300136773005500159 aDOTSE, Dickson Worlanyo aLet's join forces to combat domestic violence -Italian Ambassador aMonday, September 4, 2023 Page 38 a Domestic Violence0 x0855-1529tDaily GraphicdAccra Daily Graphic 2023